Statistics for Classic Fairytale Synonyms

Click here to take the quiz!

General Stats

  • This quiz has been taken 38 times
  • The average score is 11 of 16

Answer Stats

Hint Answer % Correct
Blizzard Bleached and the 7 Little MenSnow White and the 7 Dwarfs
97%
Good-Lookin' and the CreatureBeauty and the Beast
91%
Slumbering GorgeousSleeping Beauty
88%
The Blizzard RulerThe Snow Queen
82%
Kitty in WadersPuss in Boots
82%
The Horrid QuackThe Ugly Duckling
76%
The Royalty and the LegumeThe Princess and the Pea
76%
The Amphibious Crowned HeadThe Frog Prince
74%
Knave and the Legume ShootJack and the Beanstalk
71%
The Minute SirenThe Little Mermaid
68%
The Auburn Dough BlokeThe Gingerbread Man
68%
Tiny Rubicund Bestriding CloakLittle Red Riding Hood
68%
Blondie and the 3 UrsidaesGoldilocks and the 3 Bears
62%
The Sovereign's Novelty GarmentsThe Emperor's New Clothes
62%
Blizzard Bleached and Rosette RubicundSnow White and Rose Red
53%
The 6 AnatidaesThe Six Swans
18%

Score Distribution

Percentile by Number Answered

Percent of People with Each Score

Your Score History

You have not taken this quiz